5HLuxD.jpg

KING HENRY VIII SENIOR AND PRIMARY SCHOOL LIBRARY OPAC

FAIRY TALE PETS (Record no. 5546)

000 -LEADER
fixed length control field 00361nam a22001217a 4500
008 - FIXED-LENGTH DATA ELEMENTS--GENERAL INFORMATION
fixed length control field 251002b ||||| |||| 00| 0 eng d
020 ## - INTERNATIONAL STANDARD BOOK NUMBER
International Standard Book Number 9781848694422
082 ## - DEWEY DECIMAL CLASSIFICATION NUMBER
Classification number 823.92 COR
100 ## - MAIN ENTRY--PERSONAL NAME
Personal name CORDEROY,TRACEY
Relator term AUTHOR
Language of a work ENGLISH
245 ## - TITLE STATEMENT
Title FAIRY TALE PETS
260 ## - PUBLICATION, DISTRIBUTION, ETC.
Place of publication, distribution, etc. 1 THE CODA CENTRE,189 MUNSTER ROAD,LONDON SW6 6AW
Name of publisher, distributor, etc. LITTLE TIGER PRESS LTD
Date of publication, distribution, etc. 2017
942 ## - ADDED ENTRY ELEMENTS (KOHA)
Source of classification or shelving scheme
Holdings
Withdrawn status Lost status Source of classification or shelving scheme Damaged status Not for loan Collection code Permanent Location Current Location Shelving location Date acquired Full call number Barcode Date last seen Price effective from Koha item type Public note
          Fiction KH8 Primary School Library KH8 Primary School Library Fiction 2025-10-02 823.92 COR KHPL000007252 2025-10-02 2025-10-02 Books - Fiction PRIMARY LIBRARY

Powered By KH8 IT Dept